000 00252nam a2200097Ia 4500
001 1215235
005 20250827024547.0
008 250824s9999 xx 000 0 und d
245 0 _aYANKILI KAYALAR
_cAHMET YILMAZ BOYUNAĞA
260 _bGENÇ TİMAŞ YAY.
999 _c1215235
_d1215235